Normal view MARC view

Entry Topical Term

Number of records used in: 1

001 - CONTROL NUMBER

  • control field: 39555

003 - CONTROL NUMBER IDENTIFIER

  • control field: AUA.1

005 - DATE AND TIME OF LATEST TRANSACTION

  • control field: 20131209145252.0

008 - FIXED-LENGTH DATA ELEMENTS

  • fixed length control field: 131209|||a|||||| | ||| d

040 ## - CATALOGING SOURCE

  • Original cataloging agency: AUA.1
  • Transcribing agency: AUA.1

150 ## - HEADING--TOPICAL TERM

  • Topical term or geographic name as entry element: Papacy
  • General subdivision: Controversial literature.

670 ## - SOURCE DATA FOUND

  • Source citation: Work cat.: (AUA.1)0: Martin, Malachi. 39553, The decline and fall of the Roman Church /, 1981.